Rozvoj turizmu treba regulovať

Bibliographic Details
Main Author: Kanabová, Jana (Author)
Other Authors: Fábián, Štefan (fotograf) (fot)
Format: Article
Language:Slovak
PhysicalDescription:2 foto
Subjects:

MARC

LEADER 00000nab a2200000 a 4500
001 vtls001003402
003 SK-MaSNL
005 20260305033806.0
008 040720e19970000xo 0 slo
035 |a RV4002 
040 |a RVGKPD  |b slo  |c RVGKPD  |e AACR2 
041 0 |a slo 
044 |a xo  |c SK 
080 |a 338.48  |2 1981 
100 1 |a Kanabová, Jana  |4 aut  |9 1614672 
245 1 0 |a Rozvoj turizmu treba regulovať 
300 |b 2 foto 
650 0 7 |a cestovný ruch  |2 RVGKPD  |9 999 
650 0 7 |a sociálny rozvoj  |2 RVGKPD  |9 67413 
651 7 |a Rožňava (Slovensko : okres)  |2 RVGKPD  |9 19215 
655 7 |a periodikum  |2 snkbucl  |9 29553 
700 1 |a Fábián, Štefan  |c (fotograf)  |4 fot  |9 172368 
773 0 8 |t Verejná správa, č.16 (1997), s. 14 
852 |a ZVYKNI  |b KIS3GCP 
999 |c 3325949  |d 3327879